College Quizbowl Stats
College Quizbowl Stats
Circuits
Seasons
Sets
Records
Detailed Stats
About
Loading...
2024 Penn Bowl CWRU
Tossups
Bonuses
Players
Teams
Categories (Tossup)
Categories (Bonus)
Drew McIlveen
Ohio State C
Categories
Category
Powers
Gets
Negs
BBs
Points
Earliest Buzz
Avg. Buzz
First Buzzes
Top 3 Buzzes
BPA
PVF
History - American
0
2
0
1
20
93
100.00
0
2
0.00
0.00
Social Science
0
1
1
0
5
94
94.00
0
1
0.00
0.00
Religion
0
0
0
0
0
0.00
0
0
0.00
0.00
Pop Culture
0
0
1
0
-5
0.00
0
0
0.00
0.00
Buzzes
Category
Answer
Value
Buzz Position
Pop Culture
blink-182
-5
46
Social Science
bank reserves
-5
81
History - American
Vietnam POWs
10
93
Social Science
Switzerland
10
94
History - American
Michigan
10
107
Religion
Aimee Semple McPherson
0
123
Previous
1
Next